Welcome to CU Library Online Public Access Catalogue (OPAC)

The African image. (Record no. 9342)

MARC details
000 -LEADER
fixed length control field 00494cam a22001811 4500
001 - CONTROL NUMBER
control field 7971068
005 - DATE AND TIME OF LATEST TRANSACTION
control field 20260421112411.0
008 - FIXED-LENGTH DATA ELEMENTS--GENERAL INFORMATION
fixed length control field 721108s1962 xx 000 0 eng
050 00 - LIBRARY OF CONGRESS CALL NUMBER
Classification number PL8010
Item number .M7 1962
100 1# - MAIN ENTRY--PERSONAL NAME
Personal name Mphahlele, Es'kia,
Dates associated with a name 1919-2008.
245 14 - TITLE STATEMENT
Title The African image.
260 ## - PUBLICATION, DISTRIBUTION, ETC.
Place of publication, distribution, etc. New York,
Name of publisher, distributor, etc. Praeger
Date of publication, distribution, etc. [1962]
300 ## - PHYSICAL DESCRIPTION
Extent 240 p.
650 #0 - SUBJECT ADDED ENTRY--TOPICAL TERM
Topical term or geographic name entry element African literature
General subdivision History and criticism.
650 #0 - SUBJECT ADDED ENTRY--TOPICAL TERM
Topical term or geographic name entry element Black race.
650 #0 - SUBJECT ADDED ENTRY--TOPICAL TERM
Topical term or geographic name entry element Black people in literature.
942 ## - ADDED ENTRY ELEMENTS (KOHA)
Source of classification or shelving scheme Library of Congress Classification
Koha item type Books
Suppress in OPAC No
999 ## -
-- 9342
-- 9342
Holdings
Withdrawn status Lost status Source of classification or shelving scheme Damaged status Not for loan Collection Home library Current library Shelving location Date acquired Total checkouts Full call number Barcode Date last seen Price effective from Koha item type
    Library of Congress Classification     Non-fiction Main Library (Kumasi) Main Library (Kumasi) General stacks 04/21/2026   GN645.M7 MPH bssk00000072 04/21/2026 04/21/2026 Books
© 2023-2024 Copyright: Central University Libraries. All Rights Reserved | Created by: Mahone Tech Office